Dutch players in European Big Five (2000-) - Statistics

General Stats
  • This quiz has been taken 85 times
  • The average score is 78 of 270
Answer Stats
Ranking Player Positions Nationality Matches Goals (assists) Periods Clubs % Correct
4 Arjen Robben MF, FW 318 125 (75) 2004-2019
96%
1 Edwin van der Sar GK 347 0 (1) 2000-2011
94%
7 Virgil van Dijk DF 301 25 (8) 2015-2025
94%
32 Frenkie de Jong DF, MF 177 14 (15) 2019-2025
93%
55 Luuk de Jong FW 138 22 (4) 2012-2013, 2019-2022
93%
13 Nigel de Jong MF 260 9 (8) 2005-2015, 2017-2018
91%
198 Siem de Jong MF, FW 22 1 (1) 2014-2016
91%
11 Robin van Persie FW 280 144 (53) 2004-2015
90%
2 Clarence Seedorf MF 343 51 (44) 2000-2012
88%
12 Georginio Wijnaldum MF 262 30 (18) 2015-2023
87%
20 Klaas-Jan Huntelaar FW 229 99 (21) 2008-2016, 2020-2021
87%
8 Stefan de Vrij DF 296 20 (7) 2014-2025
87%
63 Denzel Dumfries DF, FW 126 17 (14) 2021-2025
85%
28 Justin Kluivert MF, FW 191 37 (20) 2018-2025
85%
36 Matthijs de Ligt DF 169 15 (3) 2019-2025
85%
37 Patrick Kluivert FW 169 70 (23) 2000-2005, 2007-2008
85%
119 Sepp van den Berg DF 73 4 (0) 2022-2025
85%
18 Memphis MF, FW 233 87 (46) 2015-2024
82%
17 Nathan Aké DF, MF 235 18 (7) 2012-2025
82%
10 Rafael van der Vaart MF 280 79 (56) 2005-2016
82%
9 Ruud van Nistelrooy FW 282 157 (28) 2001-2012
82%
60 Wesley Sneijder MF 133 24 (23) 2007-2012, 2017-2018
81%
40 Daley Blind DF, MF 162 5 (9) 2014-2017, 2022-2025
79%
95 Cody Gakpo MF, FW 91 25 (11) 2022-2025
76%
30 Mark van Bommel MF 186 13 (16) 2005-2012
76%
3 Marten de Roon DF, MF 339 23 (24) 2015-2025
75%
38 Dennis Bergkamp FW 168 30 (44) 2000-2006
74%
27 Dirk Kuyt DF, MF, FW 208 51 (27) 2006-2012
74%
115 Donny van de Beek MF, FW 76 5 (3) 2020-2025
74%
59 Jeremie Frimpong DF, MF 133 23 (25) 2020-2025
74%
105 Jasper Cillessen GK 83 0 (2) 2016-2021, 2024-2025
72%
80 Donyell Malen MF, FW 108 33 (10) 2021-2025
71%
98 Ryan Gravenberch MF 88 1 (4) 2022-2025
71%
31 Wout Weghorst FW 183 68 (26) 2018-2024
71%
47 Giovanni van Bronckhorst DF, MF 146 6 (9) 2001-2007
68%
62 Jaap Stam DF 128 4 (0) 2000-2006
68%
113 Micky van de Ven DF 78 4 (4) 2021-2025
68%
131 Ronnie Stam DF, MF 62 1 (1) 2010-2013
68%
21 Roy Makaay FW 226 135 (36) 2000-2007
68%
22 Tim Krul GK 222 0 (1) 2010-2015, 2019-2020, 2021-2022
68%
171 Jurriën Timber DF 32 1 (3) 2023-2025
66%
120 Tijjani Reijnders MF 73 13 (7) 2023-2025
66%
44 Mark Flekken GK 154 0 (3) 2018-2025
65%
64 Teun Koopmeiners DF, MF, FW 125 29 (13) 2021-2025
65%
130 Xavi Simons MF, FW 64 18 (17) 2020-2021, 2023-2025
65%
96 Davy Klaassen MF 89 12 (9) 2017-2020, 2023-2024
62%
136 Ian Maatsen DF, MF, FW 57 3 (4) 2023-2025
62%
134 Steven Bergwijn MF, FW 60 7 (5) 2019-2022
62%
266 Chris David MF, FW 1 1 (0) 2013-2014
60%
42 Edgar Davids MF 157 6 (7) 2000-2007
60%
88 Joshua Zirkzee MF, FW 101 20 (7) 2019-2020, 2022-2025
60%
135 Bart Verbruggen GK 57 0 (1) 2023-2025
59%
204 Lorenzo Davids MF 20 0 (0) 2011-2012
57%
82 Maarten Stekelenburg GK 104 0 (0) 2011-2017
57%
39 Ryan Babel MF, FW 164 26 (11) 2007-2011, 2016-2017, 2018-2019
57%
67 Sven Botman DF 123 5 (3) 2020-2025
56%
83 Frank de Boer DF 103 3 (3) 2000-2003
54%
24 Jimmy Floyd Hasselbaink FW 219 93 (39) 2000-2007
53%
23 Kevin Strootman MF 220 13 (31) 2013-2021, 2023-2024
53%
109 Ibrahim Afellay MF, FW 80 5 (2) 2010-2013, 2015-2018
51%
221 Raimond van der Gouw GK 12 0 (0) 2000-2002
51%
68 Bas Dost FW 121 48 (12) 2012-2016, 2019-2021
49%
25 Hans Hateboer DF, MF 215 8 (14) 2016-2025
49%
52 Joël Veltman DF 141 4 (4) 2020-2025
49%
191 Tyrell Malacia DF 25 0 (0) 2022-2023, 2024-2025
49%
70 Mitchel Bakker DF, MF, FW 119 8 (10) 2019-2025
46%
26 Patrick van Aanholt DF 213 20 (15) 2009-2010, 2011-2012, 2014-2021
46%
235 Steven Berghuis MF, FW 9 0 (2) 2015-2016
46%
90 Arnaut Danjuma MF, FW 98 18 (3) 2019-2020, 2021-2025
44%
14 Jeffrey Gouweleeuw DF 258 7 (9) 2015-2025
44%
86 Michel Vorm GK 102 0 (0) 2011-2019
44%
58 Phillip Cocu DF, FW 134 13 (5) 2000-2004
44%
94 Gregory van der Wiel DF 94 4 (11) 2012-2015, 2017-2018
43%
35 John Heitinga DF, MF 170 7 (4) 2008-2015
43%
19 Jonathan de Guzmán MF 231 23 (26) 2010-2020
43%
146 Tahith Chong MF, FW 51 4 (1) 2018-2020, 2023-2024
43%
121 Timothy Fosu-Mensah DF 72 0 (1) 2015-2023
43%
33 Joris Mathijsen DF 176 6 (1) 2006-2012
41%
51 Kenny Tete DF, MF 143 3 (16) 2017-2020, 2022-2025
41%
91 Marc Overmars MF, FW 97 15 (13) 2000-2004
41%
15 Boudewijn Zenden DF, FW 244 25 (20) 2000-2011
40%
124 Jan Paul van Hecke DF 70 1 (1) 2022-2025
40%
77 Rick Karsdorp DF, FW 113 1 (11) 2017-2018, 2020-2024
40%
144 Bruno Martins Indi DF 52 1 (0) 2016-2018
38%
54 Eljero Elia MF, FW 138 13 (15) 2009-2015
38%
97 Jetro Willems DF, MF 89 3 (5) 2017-2019, 2021-2022
38%
103 Royston Drenthe DF, MF 84 9 (8) 2007-2012
38%
57 Khalid Boulahrouz DF 135 3 (6) 2004-2012
37%
166 Marco van Ginkel MF, FW 36 1 (1) 2013-2016
37%
140 Crysencio Summerville MF, FW 53 5 (3) 2021-2022, 2024-2025
35%
48 Daryl Janmaat DF 145 8 (14) 2014-2020
35%
112 Ron Vlaar DF 79 2 (2) 2012-2015
35%
175 Vincent Janssen FW 31 2 (2) 2016-2019
35%
122 Daley Sinkgraven DF, MF, FW 71 0 (3) 2019-2025
34%
50 Jean-Paul Boëtius MF, FW 143 12 (18) 2018-2023
34%
53 Marco Bizot GK 139 0 (1) 2021-2025
34%
87 Jeffrey Bruma DF 101 4 (1) 2009-2012, 2016-2020
32%
164 Jordy Clasie MF 38 1 (1) 2015-2017
32%
49 Karim Rekik DF 144 5 (6) 2012-2013, 2015-2023
32%
66 Leroy Fer MF 123 16 (8) 2013-2018
32%
78 Michael Reiziger DF 110 1 (3) 2000-2006
32%
101 Pascal Struijk DF, MF 85 4 (1) 2020-2023
32%
16 Erik Pieters DF, MF 240 2 (14) 2013-2022
31%
192 Lutsharel Geertruida DF, MF 24 1 (0) 2024-2025
31%
186 Mats Wieffer DF, MF 25 1 (3) 2024-2025
31%
123 Myron Boadu FW 71 17 (2) 2021-2025
31%
29 Paul Verhaegh DF 189 21 (12) 2011-2019
31%
76 Anwar El Ghazi MF, FW 115 20 (10) 2016-2017, 2019-2021, 2023-2024
29%
104 Danilho Doekhi DF 83 8 (2) 2022-2025
29%
129 Edson Braafheid DF 64 1 (5) 2009-2011, 2014-2016
29%
228 Jayden Braaf MF, FW 10 1 (0) 2020-2021, 2022-2023
29%
170 Quincy Promes DF, MF, FW 33 2 (3) 2018-2019
29%
110 Jaïro Riedewald DF, MF 80 2 (0) 2017-2018, 2019-2024
28%
239 Lamare Bogarde DF, MF 8 0 (0) 2024-2025
28%
224 Melayro Bogarde DF, MF 11 0 (1) 2019-2021
28%
236 Winston Bogarde DF 9 0 (0) 2000-2001
28%
173 Jan Vennegoor of Hesselink FW 31 3 (2) 2009-2010
26%
150 Terence Kongolo DF 49 1 (1) 2017-2018, 2020-2021
26%
89 Thijs Dallinga FW 100 29 (5) 2022-2025
26%
79 Urby Emanuelson DF, MF, FW 110 4 (13) 2010-2016
26%
111 André Ooijer DF 79 2 (2) 2006-2009
25%
231 Brian Brobbey FW 9 0 (2) 2021-2022
25%
81 Davy Pröpper MF 107 2 (7) 2017-2021
25%
127 Sam Beukema DF 65 1 (2) 2023-2025
25%
75 Wesley Hoedt DF 116 2 (1) 2015-2018, 2020-2021
25%
5 Mario Melchiot DF 309 8 (11) 2000-2010
24%
125 Ricky van Wolfswinkel MF, FW 69 7 (7) 2013-2016
24%
194 Ed de Goey GK 23 0 (0) 2000-2003
22%
195 Jeremain Lens MF, FW 22 3 (3) 2015-2017
22%
138 Jurgen Ekkelenkamp MF, FW 55 6 (2) 2021-2022, 2024-2025
22%
172 Thomas Ouwejan DF, FW 32 0 (3) 2020-2021, 2022-2023
22%
218 Alexander Büttner DF, MF 13 2 (1) 2012-2014
21%
137 Emanuel Emegha FW 55 22 (4) 2023-2025
21%
65 Jordi Cruyff MF, FW 124 11 (11) 2000-2004
21%
190 Riechedly Bazoer DF, MF 25 0 (1) 2016-2018
21%
43 Roel Brouwers DF 156 13 (4) 2008-2016
21%
219 Sydney van Hooijdonk FW 13 0 (0) 2021-2022, 2023-2024
21%
69 Arjan de Zeeuw DF 120 4 (4) 2003-2007
19%
168 Deyovaisio Zeefuik DF, FW 34 1 (0) 2020-2023
19%
126 Jerry St. Juste DF, MF 65 3 (3) 2019-2022
19%
61 Sander Westerveld GK 130 0 (0) 2000-2006
19%
143 Andy van der Meyde MF, FW 52 1 (7) 2003-2006, 2008-2009
18%
216 Devyne Rensch DF 14 0 (1) 2024-2025
18%
6 George Boateng MF 304 10 (12) 2000-2010
18%
84 Jerdy Schouten DF, MF 103 2 (4) 2019-2023
18%
207 Jeroen Zoet GK 19 0 (0) 2020-2023
18%
211 Jordan Teze DF 16 1 (0) 2024-2025
18%
147 Ki-Jana Hoever DF, MF 50 1 (2) 2020-2021, 2024-2025
18%
93 Collins John FW 95 20 (3) 2003-2008
16%
180 Dani de Wit MF, FW 28 2 (1) 2024-2025
16%
100 Javairô Dilrosun MF, FW 86 8 (12) 2018-2022
16%
246 Justin Hoogma DF, MF 5 0 (0) 2018-2019, 2021-2022
16%
74 Nico-Jan Hoogma DF 116 9 (3) 2000-2004
16%
208 Ola John MF, FW 19 0 (1) 2013-2014, 2016-2017
16%
163 Perr Schuurs DF 39 1 (2) 2022-2024
16%
46 Kingsley Ehizibue DF, MF, FW 152 3 (5) 2019-2025
15%
174 Luciano Narsingh MF, FW 31 1 (2) 2016-2018
15%
188 Ramon Hendriks DF 25 0 (1) 2024-2025
15%
179 Calvin Stengs MF, FW 28 1 (1) 2021-2023
13%
193 Nick Viergever DF 24 0 (0) 2021-2022
13%
128 Sam Lammers MF, FW 65 5 (2) 2020-2023
13%
106 Wilfred Bouma DF 83 1 (2) 2005-2008
13%
167 Branco van den Boomen MF 35 5 (8) 2022-2023
12%
185 Luc Castaignos FW 25 5 (1) 2011-2012, 2015-2016
12%
187 Orlando Engelaar DF, MF 25 0 (2) 2008-2009
12%
45 Bram Nuytinck DF 152 3 (2) 2017-2023
10%
238 Daishawn Redan MF, FW 8 0 (0) 2019-2021
10%
165 Gustavo Hamer DF, MF 36 4 (6) 2023-2024
10%
116 Kevin Hofland DF 76 2 (0) 2004-2007
10%
154 Tijjani Noslin MF, FW 47 7 (6) 2023-2025
10%
149 Tonny Vilhena MF 50 5 (2) 2021-2023
10%
252 Dorus de Vries GK 4 0 (0) 2011-2012
9%
85 Hedwiges Maduro DF, MF 102 2 (0) 2007-2013
9%
203 Jan Kromkamp DF 20 0 (1) 2005-2007
9%
107 Marvin Zeegelaar DF, FW 82 2 (2) 2017-2023
9%
139 Mike van der Hoorn DF 55 2 (0) 2016-2017, 2020-2022
9%
184 Ricardo Kishna MF, FW 27 2 (0) 2015-2017
9%
210 Romeo Castelen MF, FW 17 1 (1) 2007-2008, 2009-2010, 2011-2012
9%
56 Arnold Bruggink MF, FW 137 28 (29) 2003-2004, 2006-2010
7%
73 Azor Matusiwa MF 116 3 (5) 2021-2025
7%
145 Denny Landzaat MF 52 5 (1) 2006-2008
7%
117 Mitchell Dijks DF 74 1 (2) 2018-2022
7%
153 Mitchell van Bergen DF, MF, FW 48 0 (1) 2021-2023
7%
209 Rick van Drongelen DF 18 0 (0) 2017-2018
7%
178 Roy Beerens MF, FW 29 4 (1) 2014-2016
7%
132 Stijn Spierings MF, FW 62 2 (1) 2022-2024
7%
254 Cedric van der Gun MF, FW 3 0 (1) 2005-2006
6%
151 Daniël de Ridder MF, FW 48 1 (2) 2005-2009
6%
108 Frank Verlaat DF 81 5 (1) 2000-2003
6%
158 Gianni Zuiverloon DF 43 0 (1) 2008-2009, 2010-2012
6%
241 Guus Til MF, FW 7 0 (0) 2020-2021
6%
114 Marco van Hoogdalem DF 77 4 (1) 2000-2003
6%
243 Michel Vlap MF, FW 7 1 (1) 2020-2021
6%
142 Paul Bosvelt DF, MF 53 2 (1) 2003-2005
6%
253 Anass Salah-Eddine DF, MF 3 0 (1) 2024-2025
4%
226 Dennis Gentenaar GK 10 0 (0) 2005-2006
4%
183 Dwight Tiendalli DF 27 1 (0) 2012-2015
4%
133 Erik Meijer FW 61 11 (13) 2000-2003
4%
41 Kiki Musampa MF, FW 158 25 (14) 2000-2006
4%
260 Maceo Rigters FW 2 0 (0) 2007-2008
4%
160 Marvin Emnes MF, FW 41 1 (0) 2008-2009, 2013-2016
4%
264 Philippe Sandler DF 2 0 (0) 2021-2022
4%
155 Rajiv van La Parra MF, FW 46 3 (0) 2008-2009, 2010-2011, 2017-2019
4%
176 Youri Mulder FW 31 1 (0) 2000-2002
4%
213 Alfred Nijhuis DF 14 0 (0) 2000-2001
3%
220 Anthony Lurling MF, FW 12 0 (0) 2005-2006
3%
237 Bryan Roy MF, FW 8 1 (0) 2000-2001
3%
34 Dick van Burik DF 171 6 (1) 2000-2007
3%
232 Djavan Anderson DF, MF, FW 9 0 (0) 2019-2021
3%
267 Erwin Koen FW 1 0 (0) 2006-2007
3%
233 Gabriel Osei Misehouy MF, FW 9 1 (0) 2024-2025
3%
200 Glenn Loovens DF 21 0 (0) 2012-2013
3%
181 Jos Hooiveld DF, MF 28 0 (0) 2012-2014
3%
148 Martijn Reuser MF 50 7 (6) 2000-2002
3%
141 Patrick Paauwe DF, MF 53 2 (0) 2006-2007, 2008-2009
3%
197 Rick Hoogendorp FW 22 1 (0) 2005-2007
3%
102 Riga Mustapha MF, FW 84 17 (4) 2006-2010
3%
225 Stefan Postma GK 11 0 (0) 2002-2005
3%
212 Timo Letschert DF, MF 16 0 (0) 2016-2018
3%
182 Anton Vriesde DF 27 0 (0) 2002-2004
1%
265 Berthil ter Avest MF 1 0 (0) 2001-2002
1%
92 Delano Hill DF 96 3 (1) 2001-2005
1%
251 Derrick Luckassen DF, MF 4 0 (0) 2018-2019
1%
99 Ellery Cairo MF, FW 87 5 (12) 2003-2007
1%
257 Eros Maddy DF, FW 2 0 (0) 2024-2025
1%
157 Fabian Wilnis DF 43 2 (3) 2000-2002
1%
227 Gerald Sibon FW 10 0 (0) 2006-2007
1%
161 Gerard Wiekens DF 40 2 (0) 2000-2001, 2002-2003
1%
162 Hidde ter Avest DF, MF 39 0 (1) 2018-2021
1%
169 Jeffrey Leiwakabessy DF 34 0 (0) 2006-2007
1%
242 John Verhoek FW 7 0 (0) 2010-2011
1%
159 Kaj Sierhuis MF, FW 41 0 (1) 2019-2023
1%
205 Marcel Meeuwis MF 20 0 (0) 2009-2011
1%
152 Michael Lamey DF 48 1 (4) 2007-2009
1%
261 Mohamed Sankoh FW 2 0 (0) 2020-2022
1%
263 Naci Ünüvar MF, FW 2 0 (0) 2024-2025
1%
71 Niels Oude Kamphuis DF, MF 119 6 (7) 2000-2006
1%
247 Ouasim Bouy DF, MF 5 0 (0) 2013-2014, 2016-2017
1%
256 Piet Velthuizen GK 3 0 (0) 2010-2011
1%
72 Rein van Duijnhoven GK 119 0 (0) 2000-2001, 2002-2005
1%
189 Richard Witschge MF 25 0 (3) 2001-2002
1%
222 Samuel Koejoe FW 12 2 (1) 2004-2005
1%
249 Sherjill MacDonald FW 5 0 (0) 2008-2009
1%
156 Tommie van der Leegte MF 45 0 (1) 2005-2007
1%
270 Vincent Vermeij FW 1 0 (0) 2021-2022
1%
217 Willem Korsten MF 14 3 (0) 2000-2001
1%
118 Abdou Harroui MF, FW 73 6 (5) 2021-2025
0%
214 Bobby Adekanye MF, FW 14 1 (0) 2019-2021
0%
230 Bobby Petta MF 9 0 (0) 2003-2004
0%
250 Denilho Cleonise MF, FW 4 0 (0) 2019-2020
0%
215 Denso Kasius DF, FW 14 0 (2) 2021-2023
0%
240 Edwin van Ankeren FW 7 0 (0) 2000-2001
0%
255 Elayis Tavsan MF, FW 3 0 (0) 2023-2024
0%
245 Harald Wapenaar GK 5 0 (0) 2003-2004
0%
223 Ibrahim Cissoko MF, FW 11 1 (1) 2023-2024
0%
258 Ilan Boccara MF 2 0 (0) 2013-2014
0%
206 Jeffrey Sarpong MF 19 1 (0) 2010-2012
0%
244 Jerson Cabral FW 6 0 (0) 2016-2017
0%
259 Jürgen Colin DF 2 0 (0) 2008-2009
0%
234 Kevin Bobson FW 9 1 (0) 2003-2004
0%
196 Luigi Bruins MF, FW 22 1 (0) 2012-2014
0%
229 Marc van Hintum DF 10 0 (0) 2002-2003
0%
262 Nabil Abidallah MF 2 0 (0) 2000-2001
0%
268 Quido Lanzaat DF 1 0 (0) 2001-2002
0%
248 Rai Vloet MF, FW 5 0 (0) 2018-2019
0%
201 Robert Molenaar DF 21 1 (0) 2000-2001
0%
177 Rob Maas DF, MF 30 0 (0) 2000-2003
0%
202 Saïd Boutahar MF 21 2 (1) 2010-2011
0%
269 Solomon Bonnah DF 1 0 (0) 2021-2022
0%
199 Tarik Oulida MF 22 1 (3) 2002-2003
0%
No matching quizzes found
Score Distribution
Percent of People with Each Score
Percentile by Number Answered
Your Score History
You have not taken this quiz